| 000 | 00486cam a22002054a 4500 | ||
|---|---|---|---|
| 005 | 20250605164245.0 | ||
| 008 | 250528s ||||||||||||||||||||||||d | ||
| 035 | _a21483 | ||
| 020 | _a9781843982579 | ||
| 040 |
_aGR-AtMCL _bgre _dGR-AtMCL _eAACR2 |
||
| 245 | 1 | _aLEADING, MANAGING AND DEVELOPING PEOPLE | |
| 250 | _a3 | ||
| 260 |
_bCipd, _c2010 |
||
| 300 | _a322 | ||
| 700 | 1 |
_aFrench Ray _93761 |
|
| 700 | 1 |
_aRees Gary _93762 |
|
| 942 | _cBK | ||
| 999 |
_c6545 _d6545 |
||